000 01304nam a2200337 a 4500
001 14785
003 BD-RjUL
005 20211208235706.0
008 140208r19641963nyuar s 0 1 a1eng
035 _a(OCoLC)ocm01782411
_a(BD-RjUL)14839
040 _aDLC
_beng
_cDLC
_dOCoLC
_dNST
_dOCoLC
_dNLGGC
_dOCLCO
_dOCoLC
_dBD-RjUL
041 _aeng
082 0 4 _223
_a657
_bACC 1964
245 0 0 _aAccounting trends & techniques /
260 _aNew York :
_bAmerican Institute of Certified Public Accountants,
_cc1963 [Reprint 1964].
300 _avii, 296 p. :
_c30 cm.
_bill. ;
500 _aOther slight variations in title.
504 _aIncludes Index.
515 _aFirst report covers two years.
550 _aIssued by American Institute of Certified Public Accountants (vols. for 1945/47-<1949/50> under its earlier name: American Institute of Accountants).
650 0 _aFinancial statements
_vPeriodicals.
_946054
650 0 _aCorporation reports
_vPeriodicals.
_946055
650 1 7 _aFinanciƫle verslaglegging.
_2gtt
_946056
650 1 7 _aFinanciƫle analyse.
_2gtt
_946057
650 1 7 _aAccounting.
_2gtt
_946058
710 2 _aAmerican Institute of Certified Public Accountants.
_946059
942 _2ddc
_cBK
999 _c14785
_d14785